[Event "Kstovo op"]
[Site "Kstovo"]
[Date "2012.09.12"]
[Round "5"]
[White "Vybin, Sergey"]
[Black "Tkachev, Viacheslav"]
[Result "1-0"]
[WhiteElo "1745"]
[BlackElo "1999"]
[PlyCount "77"]
[EventDate "2012.09.08"]
[EventType "swiss"]
[EventRounds "9"]
[EventCountry "RUS"]
[SourceTitle "EXT 2013"]
[Source "ChessBase"]
[SourceDate "2012.11.22"]
[SourceVersion "1"]
[SourceVersionDate "2012.11.22"]
[SourceQuality "1"]

1. d4 Nf6 2. c4 g6 3. Nc3 Bg7 4. e4 d6 5. Nf3 0-0 6. Be2 e5 7. d5 Nbd7 8. Bd2 Nc5 9. Qc2 a5 10. Be3 b6 11. a3 Bd7 12. b3 Ng4 13. Bxc5 bxc5 14. h3 Nf6 15. 0-0 Nh5 16. Rab1 Nf4 17. b4 f5 18. bxc5 dxc5 19. Rb7 Qc8 20. Rfb1 fxe4 21. Nxe4 Bxh3 22. gxh3 Qxh3 23. Ne1 Bh6 24. R1b3 Qh4 25. Bf1 Rf5 26. Ng2 Nh3+ 27. Rxh3 Qxh3 28. Ne3 Qh4 29. Nxf5 gxf5 30. Ng3 Rf8 31. Rxc7 e4 32. d6 Bf4 33. Qb2 Qh6 34. Rxc5 Bxg3 35. fxg3 Qxd6 36. Rxa5 Kf7 37. Qe5 Qb6+ 38. Qc5 Qb1 39. Qxf5+ 1-0

[Event "Kstovo Mayak op"]
[Site "Kstovo"]
[Date "2007.12.04"]
[Round "5"]
[White "Tkachev, Viacheslav"]
[Black "Zaitsev, Dmitry A"]
[Result "1-0"]
[WhiteElo "2134"]
[BlackElo "2252"]
[PlyCount "119"]
[EventDate "2007.11.19"]
[EventType "swiss"]
[EventRounds "9"]
[EventCountry "RUS"]
[SourceTitle "EXT 2022"]
[Source "ChessBase"]
[SourceDate "2021.10.06"]
[SourceVersion "1"]
[SourceVersionDate "2021.10.06"]
[SourceQuality "1"]

1. e4 c6 2. d4 d5 3. e5 c5 4. dxc5 Nc6 5. Bb5 e6 6. Be3 Nge7 7. c3 Bd7 8. Bxc6 Bxc6 9. Nf3 Nf5 10. Bd4 Nxd4 11. cxd4 b6 12. cxb6 Qxb6 13. 0-0 Qxb2 14. Nbd2 Be7 15. Re1 0-0 16. Re3 Rab8 17. h4 Ba4 18. Nb3 Rfc8 19. Ne1 Bxh4 20. g3 Bg5 21. Re2 Qc3 22. Rc2 Qb4 23. Nd3 Qb6 24. Ndc5 Bxb3 25. axb3 Rc7 26. Rca2 Rbc8 27. Ra6 Qb8 28. R1a4 Be7 29. b4 Bxc5 30. bxc5 Rb7 31. Kg2 Rb1 32. Qd3 Qb2 33. Qe3 Qc2 34. Ra1 Rcb8 35. Rxb1 Rxb1 36. Rxa7 h6 37. Qf3 Kh7 38. Rxf7 Qc1 39. Kh3 Qh1+ 40. Qxh1 Rxh1+ 41. Kg2 Rd1 42. Re7 Rxd4 43. Rxe6 Rc4 44. c6 d4 45. Kf3 Rc3+ 46. Ke4 d3 47. Ke3 Kg8 48. Kd2 Rc5 49. f4 Kf7 50. Rd6 h5 51. Kxd3 Rc1 52. Ke4 Rc3 53. Kd4 Rc1 54. Kd5 Rd1+ 55. Kc5 Rc1+ 56. Kb6 Rb1+ 57. Kc7 Ke7 58. Rd7+ Ke6 59. Rxg7 Ra1 60. Kc8 1-0

[Event "Nizhnij Novgorod Region-ch"]
[Site "Nizhnij Novgorod"]
[Date "2007.10.??"]
[Round "?"]
[White "Paley, Alexander"]
[Black "Tkachev, Viacheslav"]
[Result "1-0"]
[WhiteElo "1986"]
[BlackElo "2134"]
[PlyCount "83"]
[EventDate "2007.10.??"]
[EventType "swiss"]
[EventRounds "9"]
[EventCountry "RUS"]
[SourceTitle "EXT 2009"]
[Source "ChessBase"]
[SourceDate "2008.11.26"]
[SourceVersion "1"]
[SourceVersionDate "2008.11.26"]
[SourceQuality "1"]

1. e4 e5 2. Nf3 Nf6 3. Nxe5 d6 4. Nf3 Nxe4 5. Nc3 Nxc3 6. bxc3 Be7 7. d4 Bf5 8. Be2 Nd7 9. 0-0 0-0 10. h3 Re8 11. Bd3 Bg6 12. Bf4 Nf8 13. Qd2 Ne6 14. Be3 Bf6 15. Nh2 a6 16. f4 Bxd3 17. cxd3 c5 18. dxc5 Nxc5 19. Ng4 Bh4 20. f5 h5 21. Nh2 Bg3 22. f6 gxf6 23. Bd4 Be5 24. Qh6 Re6 25. Qxh5 Kg7 26. Qg4+ Kf8 27. Nf3 Nxd3 28. Rad1 Nf4 29. Nxe5 fxe5 30. Bxe5 Qb6+ 31. Bd4 Ne2+ 32. Kh1 Nxd4 33. Rxd4 Rae8 34. Qh5 f6 35. Rdf4 Ke7 36. Rb4 Qc6 37. Rxb7+ Kd8 38. Qa5+ Kc8 39. Rb6 Qa8 40. Rxa6 Qe4 41. Ra8+ Kd7 42. Ra7+ 1-0

[Event "Nizhnij Novgorod Region-ch"]
[Site "Nizhnij Novgorod"]
[Date "2007.10.??"]
[Round "?"]
[White "Tkachev, Viacheslav"]
[Black "Bugrov, Ivan"]
[Result "1-0"]
[WhiteElo "2134"]
[BlackElo "1998"]
[PlyCount "50"]
[EventDate "2007.10.??"]
[EventType "swiss"]
[EventRounds "9"]
[EventCountry "RUS"]
[SourceTitle "EXT 2009"]
[Source "ChessBase"]
[SourceDate "2008.11.26"]
[SourceVersion "1"]
[SourceVersionDate "2008.11.26"]
[SourceQuality "1"]

1. Nf3 Nf6 2. g3 g6 3. Bg2 Bg7 4. 0-0 0-0 5. d4 d5 6. Bf4 c6 7. Nbd2 Bf5 8. c3 Ne4 9. h3 h5 10. Nh4 Nxd2 11. Qxd2 Bc8 12. Bh6 Nd7 13. Bxg7 Kxg7 14. f4 f5 15. c4 e6 16. c5 Nf6 17. Qc3 Bd7 18. Qe3 b6 19. Rac1 Qb8 20. b3 b5 21. Nf3 Qc7 22. Ne5 a5 23. a3 a4 24. b4 Rh8 25. Qf2 Be8 1-0

[Event "Nizhnij Novgorod Region-ch"]
[Site "Nizhnij Novgorod"]
[Date "2007.10.??"]
[Round "?"]
[White "Tkachev, Viacheslav"]
[Black "Yatzenko, Anton"]
[Result "0-1"]
[WhiteElo "2134"]
[BlackElo "2260"]
[PlyCount "140"]
[EventDate "2007.10.??"]
[EventType "swiss"]
[EventRounds "9"]
[EventCountry "RUS"]
[SourceTitle "EXT 2009"]
[Source "ChessBase"]
[SourceDate "2008.11.26"]
[SourceVersion "1"]
[SourceVersionDate "2008.11.26"]
[SourceQuality "1"]

1. e4 e6 2. d4 d5 3. Nc3 Bb4 4. e5 c5 5. a3 Bxc3+ 6. bxc3 Ne7 7. Bd3 Bd7 8. Nf3 c4 9. Be2 Ba4 10. 0-0 Nbc6 11. Rb1 Qc7 12. Qd2 0-0-0 13. Ne1 Kb8 14. Qf4 Rdf8 15. Qg3 Nf5 16. Qh3 h5 17. Bf3 Qd8 18. Bd1 g5 19. Qf3 Rfg8 20. Qe2 g4 21. Bf4 Rg7 22. Qd2 h4 23. f3 gxf3 24. Bxf3 Ng3 25. Rf2 Ne4 26. Bxe4 dxe4 27. h3 Rhg8 28. Kh1 Ne7 29. Bh6 e3 30. Bxe3 Bc6 31. Kh2 Nf5 32. Nf3 Qd5 33. Bg5 Ng3 34. Re1 Ne4 35. Rxe4 Qxe4 36. Bxh4 Qg6 37. g3 Qe4 38. Qe1 Qh7 39. Qe3 Qh5 40. Qf4 a6 41. Qf6 Qh7 42. Qf4 Qh5 43. Qf6 Be4 44. Qf4 Bd5 45. Qf6 Ka7 46. Qf4 a5 47. Qf6 Bxf3 48. Rxf3 Qh7 49. Rf2 Qe4 50. Qf4 Qe1 51. Qf3 Rh7 52. Bf6 Rh5 53. Qg2 Qxc3 54. d5 Qxa3 55. d6 Qa4 56. g4 Rh6 57. Qe4 Ka8 58. g5 Rh5 59. Rg2 Kb8 60. Qg4 Rh7 61. Qd4 Qd7 62. Qxc4 Rc8 63. Qd3 Rh5 64. g6 fxg6 65. Rxg6 Rh7 66. c4 Qa4 67. Be7 Qd7 68. c5 Rxe7 69. Qg3 Rf7 70. h4 Rcf8 0-1